Footballer Passports #3 - Statistics

General Stats
  • This quiz has been taken 201 times
  • The average score is 13 of 20
Answer Stats
Hint Answer % Correct
Lionel Messi
99%
Neymar
89%
Steven Gerrard
89%
Karim Benzema
86%
Paul Pogba
81%
Ronaldo
81%
Eden Hazard
76%
João Félix
74%
Heung-min Son
72%
Iker Casillas
72%
Ryan Giggs
69%
Dimitri Payet
60%
Dennis Bergkamp
57%
Dimitar Berbatov
57%
Ashley Cole
54%
Roy Keane
52%
Diego Forlán
51%
Adriano
37%
Fabien Barthez
32%
David James
16%
No matching quizzes found
Score Distribution
Percent of People with Each Score
Percentile by Number Answered
Your Score History
You have not taken this quiz